Football féminin : Top 10 des transferts les plus chers de l'histoire - Statistiques

Statistiques générales
  • Ce quiz a été pris 34 fois
  • Le résultat moyen est 3 sur 10
Statistiques - réponses
Classement Réponses Montant du transfert % Correct
1 Naomi Girma + 1 000 000 €
66%
7 Kheira Walsh ≃ 500 000 €
45%
8 Kheira Walsh 467 000 €
45%
2 Tarciane 960 000 €
31%
5 Kika Nazareth 500 000 €
21%
6 Mayra Ramirez 500 000 €
21%
4 Barbra Banda 683 000 €
14%
10 Lena Oberdorf 430 000 €
10%
3 Racheal Kundananji 794 000 €
10%
9 Jaedyn Shaw 432 000 €
7%
Aucun quiz correspondant
Distribution des résultats
% des personnes avec chaque résultat
Percentile par nombre de réponses
Votre historique - résultats
Vous n’avez pas pris ce quiz